| 000 | 00587nam a2200205 u 4500 | ||
|---|---|---|---|
| 005 | 20240229063557.0 | ||
| 008 | 160610s2005 es r 000 0 spa d | ||
| 020 | _a848131580X | ||
| 035 | _aUPN01000211355 | ||
| 049 | _aI | ||
| 050 | 4 |
_aPZ75 _bG5.3 |
|
| 100 | 1 |
_aGiménez, Felipe, _d1963- _939605 |
|
| 245 | 1 | 4 |
_aLas fotos de Fermín / _cFelipe Giménez. |
| 260 |
_aValencia, Esp. : _bTándem, _c2005. |
||
| 300 |
_a[22] p. : _bil. col. |
||
| 650 | 4 |
_aLiteratura infantil argentina _97511 |
|
| 650 | 4 |
_aLibros y lectura para niños _92290 |
|
| 905 | _aInfantil | ||
| 999 |
_c183456 _d183456 |
||